| 000 | 01023 a2200301 4500 | ||
|---|---|---|---|
| 003 | OSt | ||
| 005 | 20180116192324.0 | ||
| 008 | 120207t xxu||||| |||| 00| 0 eng d | ||
| 010 | _a 2008036198 | ||
| 020 | _a9780470074688 (cloth) | ||
| 020 | _a047007468X (cloth) | ||
| 035 | _a(OCoLC)ocn209788024 | ||
| 035 | _a(OCoLC)209788024 | ||
| 040 | _c0 | ||
| 082 | 0 | 0 | _a629 |
| 100 | 1 |
_aAllen, Edward, _95792 |
|
| 245 | 1 | 0 |
_aFundamentals of building construction : _bmaterials and methods / _cEdward Allen and Joseph Iano. |
| 250 | _a5th ed. | ||
| 260 |
_aHoboken, N.J. : _bWiley, _cc2009. |
||
| 300 |
_axii, 996 p. : _bill. ; _c29 cm. |
||
| 650 | 0 |
_aBuilding. _95793 |
|
| 650 | 0 |
_aBuilding materials. _95794 |
|
| 700 | 1 |
_aIano, Joseph. _95795 |
|
| 856 | 4 | 1 |
_3Table of contents only _uhttp://www.loc.gov/catdir/toc/ecip0826/2008036198.html |
| 942 |
_aSADA _cBK _k629 ALL 2009 _2ddc |
||
| 999 |
_c352137 _d352137 |
||